| 000 | 00693cam a22002531 4500 | ||
|---|---|---|---|
| 001 | ca 34000354 | ||
| 003 | DLC | ||
| 005 | 20260227111131.0 | ||
| 008 | 880920s1933 mdua 000 0 eng | ||
| 010 | _aca 34000354 | ||
| 035 | _a(OCoLC)18503441 | ||
| 040 |
_aDLC _cRPB _dRPB _dDLC |
||
| 042 | _apremarc | ||
| 050 | 0 | 0 |
_aPS3545.E336 _bD7 1933 |
| 082 | _a811.5 | ||
| 100 | 1 | _aWeber, Mary Bond. | |
| 245 | 1 | 0 | _aDreams. |
| 260 |
_a[Oakland, Md., _bThe Sincell Printing Company, _cc1933] |
||
| 300 |
_a[39] p. _billus. _c21 cm. |
||
| 500 | _aCover-title. | ||
| 500 | _a"Copyright ... by Mary Bond Weber. Illustrated by Lorilla F. Tower." | ||
| 500 | _aPoems. | ||
| 500 | _aMusic: p. [36] | ||
| 999 |
_c17289 _d17289 |
||